000 00914cam a2200145 4500500
005 20260208005827.0
041 _afre
042 _adc
100 1 0 _aGoto, Kanako
_eauthor
245 0 0 _aHENRI SCEPI, Les Complaintes de Jules Laforgue. Gallimard, coll. « foliothèque », n° 92,2000. Un vol. 10,7 × 17,7 de 243 p. HENRI SCEPI, JEAN-PHILIPPE SAINT-GÉRAND, Les Complaintes de Jules Laforgue. Neuilly, Atlande, coll. « Clef concours - Lettres XIXe siècle », 2000. Un vol. 12,4 × 17,7 de 189 p. DANIEL GROJNOWSKI, Jules Laforgue. Les voix de la complainte. La Rochelle, Rumeur des Âges, 2000. Un vol. 16,6 × 23 de 98 p.
260 _c2005.
500 _a17
786 0 _nRevue d'histoire littéraire de la France | 105 | 3 | 2005-06-01 | p. 655zp-764zp | 0035-2411
856 4 1 _uhttps://shs.cairn.info/revue-d-histoire-litteraire-de-la-france-2005-3-page-655zp?lang=fr&redirect-ssocas=7080
999 _c1653975
_d1653975